[Event "Novgorod"]
[Site "Novgorod"]
[Date "1994.??.??"]
[Round "4"]
[White "Bareev, Evgeny"]
[Black "Ivanchuk, Vassily"]
[Result "0-1"]
[WhiteElo "2675"]
[BlackElo "2695"]
[Annotator "Dautov,R"]
[PlyCount "62"]
[EventDate "1994.08.??"]
[EventType "tourn"]
[EventRounds "10"]
[EventCountry "RUS"]
[EventCategory "19"]
[SourceTitle "CBM 043"]
[Source "ChessBase"]
[SourceDate "1994.12.01"]
[SourceVersion "1"]
[SourceVersionDate "1994.12.01"]
[SourceQuality "1"]

1. d4 {Ftacnik Hansen,LB} Nf6 2. c4 e6 3. Nc3 Bb4 4. Qc2 d5 5. a3 Bxc3+ 6. Qxc3
Ne4 7. Qc2 c5 8. dxc5 Nc6 9. Nf3 (9. e3 Qa5+ 10. Bd2 Nxd2 (10... Qxc5 11. b4 (
11. Nf3 Nxd2 12. Nxd2 O-O (12... d4) 13. O-O-O Rd8 14. Bd3 h6 15. cxd5 Qxc2+
16. Bxc2 exd5 17. Nb3 Kf8 18. Rd2 Be6 19. f4 Rac8 20. Kb1 Ne7 21. Nd4 Bd7 22.
Rhd1 Re8 {1/2-1/2/Obukhov,A-Balashov,Y/Kurgan/1994/}) 11... Qe7 12. Nf3 O-O 13.
Bd3 Nxd2 14. Nxd2 h6 15. O-O Ne5 16. Be2 Nxc4 17. Nxc4 dxc4 18. Qxc4 b6 19.
Rac1 $14 {Sokolov,I-Lobron,E/Donner mem-A/1994/}) 11. Qxd2 dxc4 $10 {Hansen,LB}
12. Qxa5 Nxa5 13. Rc1 b5 $1 14. cxb6 Bb7 $1 15. Nf3 Ke7 16. Nd2 Rhc8 17. Be2
axb6 18. O-O b5 $15 {Dao Thien Hai-Loginov,V/Budapest/1994/}) (9. cxd5 $13 {
Hansen,LB}) 9... Qa5+ 10. Nd2 (10. Bd2 Nxd2 (10... Qxc5 {Hansen,LB} 11. e3 Nxd2
12. Nxd2 d4 $1 $10 {Forintos,G-Wedberg,T/Malmo/1988/}) 11. Qxd2 dxc4 $10) 10...
Nd4 (10... Nxd2 {Hansen,LB} 11. Bxd2 Qxc5 12. e3 dxc4 13. Qxc4 Qxc4 14. Bxc4
Bd7 15. Bc3 $14 {Reshevsky,S-Capablanca,J/AVRO/1938/}) 11. Qd3 e5 12. b4 (12.
cxd5 $2 {Hansen,LB} Nxc5 $19) 12... Qa4 13. Ra2 (13. Nxe4 $2 dxe4 14. Qd1 Nc2+
15. Kd2 e3+ $1 16. Kc3 (16. fxe3 {Ftacnik} Bf5 $19) 16... Bf5 17. Bxe3 Rd8 $17
{ECO}) 13... Nxd2 (13... Bf5 14. cxd5 (14. Nxe4 $5 Bxe4 15. Qc3 O-O-O 16. f3
Nc2+ 17. Kf2 d4 18. Qb2 Bg6 $44 {Galliamova-Lerner/Rostov/1993}) 14... Nxc5 15.
Qc3 Ncb3 16. Nxb3 Qxb3 17. Qxb3 Nxb3 18. Bd2 Be4 $10 {ECO}) 14. Rxd2 $6 $146 (
14. Qxd2 dxc4 15. e3 Nb3 16. Qc3 Be6 17. Bxc4 Bxc4 18. Qxc4 Nxc1 19. Qxc1 a5
$10 {Bronstein-Boleslavsky/Saltsjobaden izt/1948}) 14... Bf5 15. Qe3 (15. Qc3
$142 {Ftacnik}) 15... O-O-O $1 (15... Nc2+ $2 16. Rxc2 Qxc2 17. cxd5 (17. Qxe5+
Be6 18. Qb2 Qxc4 19. e3 Qg4 20. Bb5+ Ke7 $15) 17... O-O-O (17... O-O {Ftacnik}
18. f3 $13) 18. d6 $16) 16. g4 (16. cxd5 Rxd5 $17) (16. Qxe5 Nc2+ (16... dxc4 {
Ftacnik} 17. Rxd4 Rxd4 18. Qxd4 Rd8 19. Qxd8+ Kxd8 $19) 17. Rxc2 Qxc2 {Hansen,
LB} 18. Bf4 (18. Qb2 {Ftacnik} dxc4 $19) 18... Qb1+ 19. Kd2 dxc4+ $19) 16...
Qc2 $1 $17 (16... Nc2+ $6 {Hansen,LB} 17. Rxc2 Bxc2 18. Bg2 $1 dxc4 19. O-O $36
) (16... Bxg4 {Ftacnik} 17. Bg2 (17. f3 Bf5 18. Qxe5 $2 Nxf3+ $1 19. exf3 Rhe8
$19)) 17. Rxd4 $8 (17. Rxc2 Nxc2+ 18. Kd2 dxc4+ 19. Kc3 Nxe3 20. Bxe3 (20. gxf5
{Ftacnik} Nxf1 21. Rxf1 Rd4 $19) 20... Bxg4 $19 (20... Be4 {Hansen,LB} 21. f3
Bd5 $19 {Gurevich,M})) (17. Qxd4 Qxc1+ (17... exd4 18. Rxc2 Bxc2 $17) 18. Rd1
Qxa3 {Hansen,LB} 19. Qxe5 Bc2 $19 {Makarychev} (19... Qxb4+ {Ftacnik} 20. Rd2
Be4 21. f3 dxc4 $1 22. Qf4 c3 $1 23. Rxd8+ Rxd8 24. Qxe4 (24. Kf2 c2 25. Bg2
Qxc5+ $19) 24... Qxe4 25. fxe4 c2 $19)) (17. gxf5 {Ftacnik} Qxc1+ 18. Rd1 Nc2#)
17... exd4 18. Qd2 (18. Qf4 {Ftacnik} Be4 19. Rg1 (19. f3 Bxf3 $1 20. Qxf3
Qxc1+ $19) 19... dxc4 $19) 18... Qxd2+ 19. Bxd2 Be4 (19... Bxg4 20. cxd5 Rxd5 (
20... Rhe8 {Ftacnik} 21. Rg1 $17) 21. Rg1 Bf5 22. Rxg7 Bg6 23. Bg2 Rh5 24. Bf4
$132) 20. f3 Bg6 21. cxd5 Rxd5 22. Bg2 f6 23. Kf2 (23. f4 Rd7 24. c6 bxc6 25.
Bxc6 Rc7 26. b5 Be8 $19) (23. Bf4 $5 {/\Kd2}) 23... h5 24. Bf4 (24. h3 $142
hxg4 25. hxg4 Rxh1 26. Bxh1 Bc2 27. f4 Rd8 28. c6 b5 $17 {/\Bb3-d5}) 24... Bc2
25. h4 Re8 26. Rc1 Ba4 {/\d3} 27. gxh5 (27. Bf1 hxg4 28. fxg4 Bb5 $17) 27...
Rxh5 (27... Bb5 {Ftacnik} 28. e3 dxe3+ 29. Bxe3 $17) 28. Bg3 Re3 $19 29. Rc4
Rd5 30. Bd6 (30. Rxd4 {Hansen,LB} Rxe2+ $1 31. Kxe2 Rxd4 $19) 30... Rc3 31. f4
(31. Rxc3 {Ftacnik} dxc3 32. Bf4 c2 $19) 31... Rxd6 $1 (31... Rxd6 $1 {Hansen,
LB} 32. Rxc3 dxc3 33. cxd6 c2 $19) 0-1

[Event "Lee Cup 4th"]
[Site "Beijing"]
[Date "1997.09.04"]
[Round "11"]
[White "Atalik, Suat"]
[Black "Li, Shilong"]
[Result "1-0"]
[WhiteElo "2590"]
[BlackElo "2335"]
[Annotator "Finkel,A"]
[PlyCount "105"]
[EventDate "1997.08.23"]
[EventType "swiss"]
[EventRounds "11"]
[EventCountry "CHN"]
[SourceTitle "CBM 061"]
[Source "ChessBase"]
[SourceDate "1997.11.23"]
[SourceVersion "1"]
[SourceVersionDate "1997.11.23"]
[SourceQuality "1"]

1. d4 Nf6 2. c4 e6 3. Nc3 Bb4 4. Qc2 d5 5. a3 Bxc3+ 6. Qxc3 Ne4 7. Qc2 Nc6 8.
e3 e5 {Extremly sharp variation demanding from both sides a lot of
calculations and fantasy.} 9. Nf3 $5 (9. cxd5 Qxd5 10. Nf3 Qa5+ 11. Nd2 Nxd2 $6
(11... Nd6 $5 12. dxe5 Bf5 13. Qd1 Nxe5 14. b4 Qd5 $13) 12. Bxd2 Qd5 13. dxe5
Nxe5 14. e4 Qc6 15. Rc1 $5 $14 {Ivanov,S-Sosonko,G/St.Petersburg 1997/CBM 59/
1-0 (59)}) 9... Bf5 10. Bd3 exd4 11. cxd5 $5 (11. O-O $5 Bg6 12. exd4 O-O 13.
b4 (13. Re1 $5 Nf6 14. Bxg6 hxg6 15. Bg5 dxc4 16. Qxc4 Qd5 $13) 13... Re8 14.
c5 $6 (14. Re1 $5 $14) 14... a6 15. Bb2 Ng5 16. Ne5 Bxd3 17. Qxd3 Qf6 $11 {
Lautier,J-Timman,J/Moscow olm 1994,0-1 (54)}) 11... Qxd5 12. Nh4 $1 g6 (12...
Nxf2 $6 13. Nxf5 Nxh1 14. Nxg7+ Kf8 15. Nf5 $16) 13. O-O (13. f3 $2 Nf2 $1 14.
Nxf5 (14. Qxf2 Bxd3 15. e4 Qe5 $17) (14. Kxf2 dxe3+ 15. Kxe3 Qd4+ 16. Kd2 Bxd3
17. Qxd3 Qxh4 $17) 14... Nxd3+ 15. Qxd3 gxf5 16. O-O O-O-O $15) 13... Nd6 $6 {
This move costs black a piece and the compensation for it not so easy to get.}
(13... Ne5 $5 14. Nxf5 $5 (14. f3 $6 Nxd3 15. Nxf5 (15. Qxd3 $6 Nc5 16. Qxd4 $2
Qxd4 17. exd4 Nb3 18. Nxf5 Nxa1 $17) 15... gxf5 16. Qxd3 Nc5 17. Qxd4 Qxd4 18.
exd4 Nb3 $5 $11) 14... gxf5 15. exd4 (15. Qa4+ c6 16. Bxe4 fxe4 17. exd4 Nd3
$15) 15... Qxd4 16. Rd1 (16. Bxe4 Qxe4 17. Qxe4 fxe4 18. Re1 f5 $15) 16... Nxd3
17. Rxd3 Qe5 18. Bh6 $1 $36 {[%csl Re8][%cal Ga1e1,Ge1e8]}) (13... dxe3 $5 14.
Bxe3 O-O-O 15. Rfd1 Ne5 16. Nxf5 gxf5 17. Rac1 c6 18. Be2 $36) 14. e4 $1 {
White plays thr whole game with great precision and creativity.} Bxe4 15. Re1 {
[%cal Ge1e8]} O-O-O $8 (15... f5 16. f3 O-O 17. fxe4 fxe4 18. Bxe4 $18) 16.
Bxe4 Rhe8 {[%cal Ge8e1]} 17. f3 Nxe4 18. fxe4 d3 $1 19. Qf2 $1 (19. exd5 $2
Rxe1+ 20. Kf2 dxc2 21. Kxe1 Nd4 $1 $19) 19... d2 20. Rd1 $1 $16 {[%cal Gd1d5]}
Rxe4 (20... dxc1=Q 21. exd5 $18) 21. Rxd2 Nd4 22. Nf3 Qe6 23. Rxd4 $1 Rdxd4 24.
Bh6 $1 $18 {The final act of the show!The rest is a matter of technique,white
is a piece up and black's counterplay is over.} Rd5 25. Ng5 Rxg5 26. Bxg5 Re2
27. Rd1 $1 b6 28. Rd8+ Kb7 29. Qf3+ Ka6 30. Bd2 f5 31. Bc3 Re4 32. Kf2 Qe7 33.
Qd3+ Kb7 34. Rd7 Qc5+ 35. Rd4 a5 36. Qf3 Ka7 37. b4 axb4 38. axb4 Qc6 39. Rxe4
fxe4 40. Qf6 e3+ 41. Kg3 Qc4 42. Qe5 g5 43. Kf3 Qf1+ 44. Kxe3 Qxg2 45. Qxc7+
Ka6 46. Qg3 Qh1 47. Qe5 Qb1 48. b5+ Kb7 49. Qe7+ Kc8 50. Qe8+ Kb7 51. Qc6+ Ka7
52. Qc7+ Ka8 53. Qc8+ 1-0

[Event "WchT 2nd"]
[Site "Luzern"]
[Date "1989.??.??"]
[Round "4.4"]
[White "Gurevich, Mikhail"]
[Black "Franzoni, Giancarlo"]
[Result "1-0"]
[WhiteElo "2640"]
[BlackElo "2460"]
[Annotator "Ftacnik,L"]
[PlyCount "55"]
[EventDate "1989.10.27"]
[EventType "team-tourn"]
[EventRounds "9"]
[EventCountry "SUI"]
[SourceTitle "CBM 016"]
[Source "ChessBase"]
[SourceDate "1990.06.01"]
[SourceVersion "1"]
[SourceVersionDate "1990.06.01"]
[SourceQuality "1"]
[WhiteTeam "Soviet Union"]
[BlackTeam "Switzerland"]
[WhiteTeamCountry "URS"]
[BlackTeamCountry "SUI"]

1. d4 Nf6 2. c4 e6 3. Nc3 Bb4 4. Qc2 d5 5. a3 Bxc3+ 6. Qxc3 Ne4 7. Qc2 c5 8.
dxc5 Nc6 9. cxd5 exd5 10. Nf3 Bf5 11. b4 O-O 12. Bb2 b6 13. b5 bxc5 14. bxc6
Qa5+ 15. Nd2 Rab8 16. c7 Rb3 17. Be5 $1 (17. Rd1 c4 18. f3 Nxd2 19. Qxd2 c3)
17... c4 (17... f6 18. f3 Nxd2 19. Qxd2 Qxd2+ 20. Kxd2 fxe5 21. e4 $16) 18. f3
Nxd2 $2 (18... Ng3 $1 19. Qxb3 cxb3 20. hxg3 $13) 19. Qxd2 c3 20. Qg5 c2+ 21.
Kf2 Qc5+ 22. e3 Bg6 23. Ba6 f6 24. Qf4 fxe5 25. Qxf8+ Kxf8 26. c8=Q+ Qxc8 27.
Bxc8 d4 28. e4 {Ftacnik} 1-0

[Event "St Petersburg-ch"]
[Site "St Petersburg"]
[Date "1997.03.14"]
[Round "9"]
[White "Sakaev, Konstantin"]
[Black "Loginov, Valery A"]
[Result "1/2-1/2"]
[WhiteElo "2580"]
[BlackElo "2555"]
[Annotator "Ftacnik,L"]
[PlyCount "63"]
[EventDate "1997.03.04"]
[EventType "swiss"]
[EventRounds "9"]
[EventCountry "RUS"]
[SourceTitle "CBM 058"]
[Source "ChessBase"]
[SourceDate "1997.06.01"]
[SourceVersion "1"]
[SourceVersionDate "1997.06.01"]
[SourceQuality "1"]

1. d4 Nf6 2. c4 e6 3. Nc3 Bb4 4. Qc2 d5 5. a3 Bxc3+ 6. Qxc3 Ne4 7. Qc2 c5 8.
dxc5 Nc6 9. cxd5 exd5 10. Nf3 O-O 11. b4 Bf5 12. Bb2 (12. Qb2 d4 13. e3 d3 14.
Qb3 Qf6 15. Bb2 d2+ 16. Nxd2 Nxd2 17. Kxd2 Qh4 18. Ke1 Rfe8 19. Rd1 Rad8 20.
Rxd8 Rxd8 21. Qc4 {1-0 Baburin,A-Ward,C/Isle of Man op (02) 1996 (35)}) 12...
Re8 $5 (12... b6 13. b5 (13. Qa4 Qc7 14. e3 bxc5 15. Bb5 Bd7 16. O-O c4 17.
Rac1 a6 18. Bxc6 Qxc6 19. Qc2 Qa4 20. Qd1 Qxd1 21. Rfxd1 Be6 22. Nd4 {1/2-1/2
Bronstein,D-Balashov,Y/URS-ch sf Minsk/1983 (37)}) 13... bxc5 14. bxc6 Qa5+ (
14... Rb8 15. Nd2 (15. O-O-O $1 Nxf2 (15... Ng3 16. Qxc5 Nxh1 17. Rxd5 Qb6 18.
Qxb6 Rxb6 19. Rxf5 Rxc6+ 20. Kd2 $16) 16. Qxf5 Nxd1 (16... Rxb2 17. Kxb2 Nxd1+
18. Kc1 Nf2 19. Ng5 g6 20. Qxf2 Qxg5+ 21. e3 $14) 17. c7 $1 Qxc7 18. Be5 Ne3
19. Bxc7 (19. Qg5 $5 f6 20. Bxc7 fxg5 21. Bxb8 Rxb8 22. Nxg5 $14) 19... Nxf5
20. Bxb8 Rxb8 21. Ne1 $5 $14 {Nadanian,A-Yegiazarian,O/Armenia/1994/}) 15... d4
16. Nxe4 Bxe4 17. Qd2 (17. Qxc5 Rxb2 18. c7 Qd7 19. Rc1 Rc8 {/\ d3|^}) 17...
Qb6 18. Bc1 (18. c7 Qxb2 19. Qxb2 Rxb2 20. Rc1 Rc8 21. Rxc5 Rb1+ 22. Kd2 Rb2+
$11) 18... c4 19. c7 Rb7 (19... Qxc7 $2 20. f3 {/\ Qd4+-}) 20. f3 Bg6 21. h4 (
21. e4 $1 d3 22. Bxd3 cxd3 23. Qxd3 Rxc7 24. Rb1 Qe6 25. O-O f5) 21... h5 22.
g4 c3 23. Qf4 d3 24. exd3 (24. gxh5 d2+ 25. Bxd2 cxd2+ 26. Qxd2 Bxh5 27. Rc1
Rxc7 28. Rxc7 Qxc7 29. Kf2 $15) 24... Re8+ 25. Be2 Rxc7 26. Kf1 Rce7 27. Rh2
Rxe2 28. Rxe2 Bxd3 29. Raa2 Qe6 $19 {0-1 Gurevich,M-Sokolov,A/Clichy 58/584
1993 (40)}) 15. Nd2 Rab8 (15... d4 16. O-O-O Ng3 17. Nc4 Qc7 18. hxg3 Bxc2 19.
Kxc2 Qxc6 20. e3 Qa4+ 21. Kc1 Rfb8 22. Bd3 Rb3 {1/2-1/2 Bogoljubow,E-Eliskases,
E (14)/GER m (Triberg)/1939 (30)}) 16. c7 (16. Rd1 c4 (16... d4 17. c7 Qxc7 18.
Nxe4 Bxe4 19. Qd2 Rfe8 20. h4 Rb6 21. Rh3 Qb7 22. Bxd4 cxd4 23. Qxd4 Bc2 24.
Re3 Rf8 25. Ra1 Rb1+ 26. Kd2 Bg6 27. h5 Bxh5 28. Re5 Bg6 {1/2-1/2 Grigorian,
K-Gulko,B/Vilnius (zt)/1975 (48)}) 17. f3 c3 18. Bxc3 Nxc3 19. Qxf5 Nxd1 20.
Kxd1 Qxa3 21. Qc2 Qa1+ 22. Qc1 Qxc1+ 23. Kxc1 Rfc8 24. e3 Rxc6+ 25. Kd1 Rc3 26.
e4 {1/2-1/2 Denecke,T-Solin,N/Stockholm op2/1992 (33)}) (16. Be5 Rbe8 17. f4 f6
18. Bb2 c4 19. Bd4 Nc5 20. Qxf5 Nb3 21. Bc3 Qxc3 22. Qxd5+ Kh8 23. Rd1 Nd4 24.
Qc5 Rf7 25. g4 Rfe7 26. Kf2 Rxe2+ 27. Bxe2 Rxe2+ {0-1 Weichselbaumer,
E-Nievergelt,E/Amsterdam olm/1954}) 16... Rb3 (16... Qxc7 17. Nxe4 Bxe4 18. Qd2
Rb3 19. f3 Bg6 20. Rc1 Qb6 21. Bc3 d4 22. Ba5 Qb5 23. a4 Qxa4 24. Rxc5 Rb1+ 25.
Kf2 d3 26. exd3 Qd4+ 27. Qe3 Rb2+ 28. Be2 Qxe3+ 29. Kxe3 Re8+ 30. Kf4 Rbxe2 {
1/2-1/2 Chekhov,V-Vaisser,A/USSR/1982 (41)}) (16... Nxd2 $2 17. Qc3 $1 $18) 17.
Be5 $1 (17. Rd1 c4 18. f3 (18. e3 Ng3 19. Qxb3 cxb3 20. hxg3 Bc2 21. Rc1 d4 22.
Bd3 Rc8 23. Bxc2 bxc2 24. Rxc2 dxe3 25. fxe3 Rxc7 26. Rh5 Qxh5 27. Rxc7 h6 28.
Bd4 {1-0 Kasparov,G-Renet,O/Evry sim 1989 (43)}) 18... Nxd2 19. Qxd2 c3) 17...
c4 (17... f6 18. f3 Nxd2 19. Qxd2 Qxd2+ 20. Kxd2 fxe5 21. e4 $16) 18. f3 Nxd2
$2 (18... Ng3 $1 19. Qxb3 cxb3 20. hxg3 $13) 19. Qxd2 c3 20. Qg5 c2+ 21. Kf2
Qc5+ (21... f6 $5 22. Qxf5 Qc5+ 23. e3 fxe5 24. c8=Q Qxe3+ $1 25. Kg3 Qf4+ 26.
Qxf4 exf4+ 27. Kf2 Rxc8 28. Rc1 $16) 22. e3 Bg6 23. Ba6 f6 24. Qf4 fxe5 25.
Qxf8+ Kxf8 26. c8=Q+ Qxc8 27. Bxc8 d4 28. e4 {1-0 Gurevich,M-Franzoni,G/Luzern/
1989/}) (12... Ng3 13. Qc3 d4 14. Nxd4 Nxd4 15. fxg3 Ne6 (15... Nc2+ 16. Kf2
Qg5 17. h4 Qh6 18. g4 Be4 19. g5 Qg6 20. Rd1 f6 21. Qb3+ Kh8 22. gxf6 Rxf6+ 23.
Bxf6 Qxf6+ 24. Kg1 Rf8 25. Rh3 {1-0 Euwe,M-Najdorf,M/Mar del Plata (01)/1947 
(38)}) 16. e3 Qd5 17. Rd1 Qe4 18. Kf2 Rad8 19. Be2 Qc2 20. Rxd8 Rxd8 21. Qxc2
Bxc2 22. Rc1 Ba4 23. Ke1 Bc6 24. Bf1 {O'Kelly de Galway,A-Foerder,H/Hilversum
zt (03)/1947/1-0 (67)}) 13. Rd1 (13. e3 $2 Ng3 $1 14. Qc3 d4 15. Nxd4 Nxd4 16.
hxg3 Nc2+ 17. Ke2 Bg4+ 18. f3 Rxe3+ 19. Qxe3 Nxe3 $17) (13. Rg1 b6 $132) 13...
b6 14. e3 (14. b5) (14. cxb6 Qxb6 15. e3 Nxb4 16. axb4 Qxb4+ 17. Rd2 Ng3 18.
Bc3 Qb6 $17) (14. b5 bxc5 15. bxc6 Qa5+ 16. Rd2 Rab8 (16... Ng3 17. Qc3 Qxc3
18. Bxc3 Nxh1 19. Rxd5 Be4 20. Rxc5 Rac8 $16) 17. Qc1 Nxd2 18. Nxd2 Qb6 $15)
14... bxc5 15. Bb5 (15. Bd3 Rc8 16. Bxe4 Bxe4 17. Qc3 (17. Qxc5 Ne5 18. Qxa7
Bxf3 19. gxf3 Nxf3+ 20. Ke2 Rc2+ 21. Kxf3 Qh4 $19) 17... f6 18. bxc5 Bxf3 19.
gxf3 Ne5 $13) 15... Qb6 $1 (15... Rc8 16. O-O c4 (16... Ng3 $2 17. Qxc5 Nxf1
18. Bxc6 $18) 17. Qa4 $16) 16. Bxc6 Qxc6 17. Nd4 Qg6 18. Nxf5 (18. bxc5 $2 Qxg2
19. Rf1 Ng3 $19) 18... Qxf5 19. bxc5 Rac8 20. O-O (20. Bd4 Qg6 21. O-O Nxc5 22.
Qxg6 hxg6 23. Rc1 Ne6 24. Bxa7 Rxc1 25. Rxc1 Ra8 26. Bb6 Rxa3 $11) 20... Rxc5
21. Qa4 Rec8 (21... Re7 22. Qd4 Qg5 23. f3 Rc2 24. Qxg7+ Qxg7 25. Bxg7 Kxg7 26.
fxe4 dxe4 $11) 22. Qxa7 Rc2 23. Qd4 f6 24. Rc1 (24. f3 $2 Rxg2+ 25. Kxg2 Rc2+
26. Kh1 Ng3+ 27. Kg1 Ne2+ $19) 24... h5 (24... Nxf2 25. Rxc2 Rxc2 26. Ba1 $11)
25. Qd1 $1 (25. Rxc2 Rxc2 26. f3 Qg5 27. g4 Kh7 $1 $19) 25... Nxf2 26. Qf3 (26.
Rxc2 Rxc2 27. Qe1 Nh3+ 28. gxh3 Qg5+ 29. Qg3 Qxg3+ 30. hxg3 Rxb2 $11) (26. Qe1
Rxb2 27. Rxc8+ Qxc8 28. Rxf2 Rxf2 29. Kxf2 Qf5+ $11) 26... Qxf3 27. gxf3 Nh3+ (
27... Nd3 28. Rxc2 Rxc2 29. Bd4 $11) 28. Kh1 Nf2+ 29. Rxf2 Rxc1+ 30. Bxc1 Rxc1+
31. Kg2 Ra1 32. Rd2 (32. Rd2 Rxa3 33. Rxd5 g6 $11) 1/2-1/2

[Event "Bundesliga 9798"]
[Site "Germany"]
[Date "1997.12.07"]
[Round "6.1"]
[White "Georgiev, Kiril"]
[Black "Sax, Gyula"]
[Result "1-0"]
[WhiteElo "2670"]
[BlackElo "2570"]
[Annotator "Georgiev,Ki/Kostakiev,D"]
[PlyCount "79"]
[EventDate "1997.10.18"]
[EventType "team-tourn"]
[EventRounds "15"]
[EventCountry "GER"]
[SourceTitle "CBM 062"]
[Source "ChessBase"]
[SourceDate "1998.01.31"]
[SourceVersion "1"]
[SourceVersionDate "1998.01.31"]
[SourceQuality "1"]
[WhiteTeam "Bochum"]
[BlackTeam "Duisburg"]
[WhiteTeamCountry "GER"]
[BlackTeamCountry "GER"]

1. d4 Nf6 2. c4 e6 3. Nc3 Bb4 4. Qc2 d5 5. a3 Bxc3+ 6. Qxc3 Ne4 7. Qc2 e5 8.
cxd5 Qxd5 9. e3 exd4 10. Nf3 Qc6 (10... Nd6 {- 19/551}) 11. Nxd4 Qxc2 12. Nxc2
Nc6 (12... c5 13. f3) 13. b4 (13. f3 $5) 13... Be6 14. Bb2 O-O 15. Rc1 Nd6 16.
Nd4 $146 (16. f3 a5 17. b5 $14) (16. b5 $2 Na5 17. Nd4 Bc4 18. Bc3 Bxf1 $11 {
1/2-1/2 Kasparov,G-Nikolic,Pr/Barcelona 47/677 [Ni 1989}) 16... Nxd4 17. Bxd4
Rfc8 (17... c6 $5) 18. Be2 Bd7 19. Bf3 $1 (19. O-O Bb5 $11) 19... a5 20. Bc5 $1
(20. O-O axb4 21. axb4 Ra4 22. Bc5 b6 23. Bxd6 cxd6 24. Rxc8+ Bxc8 25. Rc1 Be6
26. b5 Rb4 $11) 20... axb4 21. Bxb4 Bb5 $6 {[#]} (21... Bc6 $5 22. Bxc6 bxc6
23. Rxc6 Nb5 24. Ke2 Nxa3 25. Rhc1 Nb5 $14) 22. h4 $1 {[/\ 23.h5 24.Rh4 +/-]}
h6 (22... Bc6 $142) 23. h5 Rab8 24. Rh4 $16 Ne8 25. Be7 {[[/\XNe8]} c6 26. a4
$1 Ba6 27. Rd4 Nc7 28. Bg4 (28. Rd7 $5 $16) 28... Re8 29. Bd6 Rbd8 30. Rcd1 Ne6
31. Re4 b6 $6 {[#]} (31... Ng5 32. Rxe8+ Rxe8 33. Bf5 $16) 32. Bxe6 $3 fxe6 (
32... Rxe6 33. Rxe6 fxe6 34. Bc7 Rxd1+ 35. Kxd1 b5 36. a5 $1 $18 {[#]}) 33.
Red4 Rd7 (33... e5 34. Bxe5 Rxd4 35. Bxd4 $18) (33... c5 34. Bxc5 Rxd4 35. Bxd4
$18) 34. Be5 Rd5 35. f4 b5 36. e4 Rxd4 37. Rxd4 Re7 (37... bxa4 38. Rd7 $18 (
38. Rxa4 $5 Ra8 39. Rd4 Ra7 40. Rd6 $18)) 38. a5 Kf7 39. Rd8 b4 40. Bd6 $138
1-0

[Event "RUS-ch qual 57th"]
[Site "St Petersburg"]
[Date "2004.05.24"]
[Round "4"]
[White "Popov, Valerij"]
[Black "Romanov, Evgeny"]
[Result "0-1"]
[WhiteElo "2547"]
[BlackElo "2392"]
[Annotator "Golod,V"]
[PlyCount "38"]
[EventDate "2004.05.21"]
[EventType "swiss"]
[EventRounds "9"]
[EventCountry "RUS"]
[SourceTitle "CBM 102"]
[Source "ChessBase"]
[SourceDate "2004.09.23"]
[SourceVersion "1"]
[SourceVersionDate "2004.09.23"]
[SourceQuality "1"]

1. d4 Nf6 2. c4 e6 3. Nc3 Bb4 4. Qc2 d5 5. a3 Bxc3+ 6. Qxc3 Ne4 7. Qc2 c5 8.
dxc5 Nc6 9. cxd5 {This move does not put the large problems for Black. In last
years, Black has an excellent statistics in this variation. Besides White has
two main alternatives:} (9. Nf3 $5 {You can see my comments to Burmakin,
V-Markarov,A/St.Petersburg,2000/CBM 76(1-0)(39)}) ({and} 9. e3 $6 {You can see
my annotations to Sretenskij,N-Landa,K/ Moscow,1999/CBM 70 (1/2-1/2)(34)}) 9...
exd5 10. Nf3 Bf5 11. b4 O-O 12. Qb2 ({Is much more popular:} 12. Bb2 $5 {
You can see my comments to game: Lautier,J-Zhang Zhong/Taiyuan,2004/CBM 102(1/
2-1/2)(25)}) 12... d4 $1 {It's only third game on this line.} 13. g3 $2 $146 {
After this inaccurate move White will have to fight for equality.} (13. b5 $6
Qa5+ 14. Bd2 Nxd2 15. Nxd2 Qc3 $5 $44 {You can see my annotations to game:
Belov,V-Lautier,J/Moscow,2004/CBM 100(0-1)(49)}) ({The same position,with
rearrangement of moves,has met in one more game:} 13. e3 $5 d3 14. Qb3 Qf6 $2 (
14... a5 $5 $132) 15. Bb2 d2+ 16. Nxd2 Nxd2 17. Kxd2 Qh4 18. Ke1 $16 {Baburin,
A-Ward,C/Isle of Man,1996(1-0)(35)}) 13... Re8 $1 {/\Nc3(קe2)} 14. Bg2 {
White had no other worthy alternative:} (14. Bd2 $143 Nxd2 15. Qxd2 d3 $36 {
/\Qf6; /^a1-h8; <->e}) (14. Nh4 $143 Qf6 $15 15. Nxf5 $140 $2 Qxf5 16. Bf4 (16.
f3 Nc3 $17) 16... g5 17. f3 Nc3 $17) (14. Bf4 $2 Nc3 15. Bd6 (15. b5 $143 Qd5
$1 16. bxc6 $140 Nxe2 $1 (16... Qxf3 $2 17. cxb7 $132) 17. Bxe2 $8 Qxf3 18. O-O
$8 Rxe2 {עg1} 19. Qxe2 $8 Qxe2 20. cxb7 Re8 21. b8=Q (21. Rfe1 $4 Qxe1+ 22.
Rxe1 Rxe1+ 23. Kg2 Be4+) (21. c6 $2 Bh3 $19 {[%csl Rg1][%cal Ge2f3]}) 21...
Rxb8 22. Bxb8 Qf3 {[%cal Gf5e4,Gf5h3]} 23. Rfe1 h5 $1 {/\Bh3 -+}) 15... Be4 16.
Bg2 $140 Nxe2 17. Kxe2 Qf6 $1 $17 {[%csl Re2,Ge4,Ge8,Rf3,Gf6]}) 14... Nc3 15.
e3 (15. O-O $143 Rxe2 (15... Nxe2+ 16. Kh1 $15) 16. Bd2 Be4 $15) 15... Bd3 {
(/^a6-f1; עe1) Black improve the position of his pieces.} 16. Bd2 $6 (16. Qd2
$5 Be4 (16... Bb5 $143 17. Bb2 Ne4 18. Qc2 dxe3 19. fxe3 $13) (16... dxe3 $4
17. Qxc3 exf2+ 18. Kxf2 Re2+ 19. Kg1 $18) 17. O-O Qd5 18. Ne1 Bxg2 19. Nxg2
Rad8 $36 {[%csl Gc6,Rf3][%cal Gc6e5,Ge5f3]}) 16... Qf6 $17 {Black develops a
strong initiative, all his pieces are located ideally, and now he will
threaten: 17...Ne4 and 18...Ne5 (><f2; Ke1)} 17. b5 $2 {White obviously have
lost a "string of game". It's decisive mistake in a very hard position.} (17.
Rc1 $2 Ne4 18. Qb3 Ne5 $1 {><f2} 19. Qd1 Ba6 $1 {/\Nd3-+}) ({It was necessary:
} 17. Bxc3 dxc3 18. Qa2 Rad8 $17) 17... Nxb5 18. O-O-O Qe6 $19 {[%csl Rc1]
[%cal Ge6c4]} 19. Ne1 Qc4+ (19... Qc4+ {After this move Black resigns, because
of this variation:} 20. Nc2 Nxa3 21. Bd5 (21. Bf1 $144 Qxc2+ 22. Qxc2 Bxc2)
21... Qxc2+ 22. Qxc2 Bxc2) 0-1